[Event "Croatian junior league 2021"]
[Site "Rabac"]
[Date "2021.04.09"]
[Round "8.17"]
[White "Bunic, Emanuel"]
[Black "Jakrlin, Mihael"]
[Result "0-1"]
[WhiteElo "1839"]
[BlackElo "2106"]
[Annotator "NA"]
[PlyCount "96"]
[EventDate "2021.04.06"]
[EventType "swiss"]
[EventCountry "CRO"]
[SourceTitle "playchess.com"]
[Source "ChessBase"]
[SourceQuality "1"]
[TimeControl "5400+30"]

1. d4 {[%emt 0:00:00]} d5 {[%emt 0:05:17]} 2. c4 {[%emt 0:00:00]} c6 {[%emt 0:00:10]} 3. Nc3 {[%emt 0:00:17]} Nf6 {[%emt 0:00:30]} 4. e3 {[%emt 0:00:32]} g6 {[%emt 0:01:41]} 5. Nf3 {[%emt 0:00:51]} Bg7 {[%emt 0:00:10]} 6. Bd3 {[%emt 0:00:52]} O-O {[%emt 0:01:17]} 7. O-O {[%emt 0:00:33]} Nbd7 {[%emt 0:02:06]} 8. b3 {[%emt 0:02:13]} Re8 {[%emt 0:09:46]} 9. Ne5 {[%emt 0:14:14]} Nxe5 {[%emt 0:07:23]} 10. dxe5 {[%emt 0:00:15]} Ne4 {[%emt 0:00:23]} 11. Nxe4 {[%emt 0:08:06]} Bxe5 {[%emt 0:01:59]} 12. Rb1 {[%emt 0:00:49]} dxe4 {[%emt 0:00:08]} 13. Bxe4 {[%emt 0:00:19]} Qa5 {[%emt 0:08:04]} 14. Qc2 {[%emt 0:07:09]} Rd8 {[%emt 0:06:28]} 15. b4 {[%emt 0:03:38]} Qc7 {[%emt 0:00:28]} 16. h3 {[%emt 0:01:01]} Rb8 {[%emt 0:07:53]} 17. f4 {[%emt 0:07:17]} Bg7 {[%emt 0:00:35]} 18. Bb2 {[%emt 0:05:19]} c5 {[%emt 0:02:54]} 19. Bxg7 {[%emt 0:16:51]} Kxg7 {[%emt 0:00:07]} 20. Qc3+ {[%emt 0:00:45]} f6 {[%emt 0:01:10]} 21. b5 {[%emt 0:00:23]} Be6 {[%emt 0:02:36]} 22. Rb2 {[%emt 0:06:05]} Rd6 {[%emt 0:00:37]} 23. Rbf2 {[%emt 0:00:25]} Bf7 {[%emt 0:00:16]} 24. Bc2 {[%emt 0:00:41]} Rbd8 {[%emt 0:00:13]} 25. g4 {[%emt 0:00:57]} Qd7 {[%emt 0:00:50]} 26. a4 {[%emt 0:03:59]} Qe6 {[%emt 0:00:56]} 27. Rc1 {[%emt 0:04:20]} b6 {[%emt 0:01:54]} 28. Bb1 {[%emt 0:01:52]} Rd1+ {[%emt 0:01:39]} 29. Rf1 {[%emt 0:02:34]} Rxf1+ {[%emt 0:00:09]} 30. Kxf1 {[%emt 0:01:58]} Qxc4+ {[%emt 0:00:10]} 31. Qxc4 {[%emt 0:00:29]} Bxc4+ {[%emt 0:00:01]} 32. Rxc4 {[%emt 0:00:23]} Rd1+ {[%emt 0:00:04]} 33. Kf2 {[%emt 0:00:51]} Rxb1 {[%emt 0:00:09]} 34. Kf3 {[%emt 0:04:51]} Kf7 {[%emt 0:00:51]} 35. f5 {[%emt 0:01:33]} e6 {[%emt 0:02:36]} 36. fxe6+ {[%emt 0:00:31]} Kxe6 {[%emt 0:00:07]} 37. Re4+ {[%emt 0:00:49]} Kf7 {[%emt 0:00:08]} 38. Rc4 {[%emt 0:00:33]} Rb4 {[%emt 0:01:03]} 39. Rxb4 {[%emt 0:00:41]} cxb4 {[%emt 0:00:02]} 40. Ke4 {[%emt 0:00:33]} Ke6 {[%emt 0:00:03]} 41. Kd4 {[%emt 0:00:38]} b3 {[%emt 0:00:06]} 42. Kc3 {[%emt 0:00:29]} Ke5 {[%emt 0:00:02]} 43. Kxb3 {[%emt 0:00:12]} Ke4 {[%emt 0:00:01]} 44. Kc4 {[%emt 0:01:02]} f5 {[%emt 0:00:08]} 45. a5 {[%emt 0:01:39]} fxg4 {[%emt 0:00:10]} 46. hxg4 {[%emt 0:00:05]} h5 {[%emt 0:00:04]} 47. axb6 {[%emt 0:00:26]} axb6 {[%emt 0:00:02]} 48. gxh5 {[%emt 0:00:10]} gxh5 {[%emt 0:00:01]} 0-1

[Event "Croatian junior league 2021"]
[Site "Rabac"]
[Date "2021.04.09"]
[Round "8.18"]
[White "Troselj, Ivan"]
[Black "Zadro, Matej"]
[Result "1/2-1/2"]
[WhiteElo "1962"]
[BlackElo "1742"]
[Annotator "NA"]
[PlyCount "53"]
[EventDate "2021.04.06"]
[EventType "swiss"]
[EventCountry "CRO"]
[SourceTitle "playchess.com"]
[Source "ChessBase"]
[SourceQuality "1"]
[TimeControl "5400+30"]

1. e4 {[%emt 0:04:11]} e5 {[%emt 0:01:33]} 2. Nc3 {[%emt 0:00:05]} Nf6 {[%emt 0:00:04]} 3. g3 {[%emt 0:00:07]} d5 {[%emt 0:00:17]} 4. exd5 {[%emt 0:00:05]} Nxd5 {[%emt 0:00:03]} 5. Bg2 {[%emt 0:00:05]} Nxc3 {[%emt 0:00:05]} 6. bxc3 {[%emt 0:00:03]} Bc5 {[%emt 0:00:03]} 7. Ne2 {[%emt 0:00:32]} Nc6 {[%emt 0:00:17]} 8. Rb1 {[%emt 0:00:05]} O-O {[%emt 0:00:30]} 9. O-O {[%emt 0:00:12]} Bb6 {[%emt 0:01:04]} 10. d3 {[%emt 0:02:08]} Bg4 {[%emt 0:03:08]} 11. h3 {[%emt 0:02:14]} Be6 {[%emt 0:00:44]} 12. c4 {[%emt 0:00:11]} Rb8 {[%emt 0:06:26]} 13. Ba3 {[%emt 0:11:09]} Re8 {[%emt 0:02:04]} 14. Kh2 {[%emt 0:11:31]} Nd4 {[%emt 0:14:33]} 15. c3 {[%emt 0:05:55]} Nxe2 {[%emt 0:04:10]} 16. Qxe2 {[%emt 0:00:04]} c6 {[%emt 0:02:58]} 17. Rb2 {[%emt 0:04:05]} Bf5 {[%emt 0:15:31]} 18. Rd1 {[%emt 0:02:01]} Bc7 {[%emt 0:06:00]} 19. Bc5 {[%emt 0:03:25]} b6 {[%emt 0:03:21]} 20. Bxc6 {[%emt 0:09:35]} bxc5 {[%emt 0:08:21]} 21. Rxb8 {[%emt 0:00:02]} Qxb8 {[%emt 0:00:25]} 22. Bxe8 {[%emt 0:00:04]} Qxe8 {[%emt 0:00:12]} 23. d4 {[%emt 0:00:08]} g6 {[%emt 0:07:03]} 24. d5 {[%emt 0:03:18]} Bd6 {[%emt 0:04:32]} 25. h4 {[%emt 0:03:06]} e4 {[%emt 0:03:07]} 26. Re1 {[%emt 0:04:13]} Be5 {[%emt 0:08:08]} 27. Qe3 {[%emt 0:01:23]} 1/2-1/2

[Event "Croatian junior league 2021"]
[Site "Rabac"]
[Date "2021.04.09"]
[Round "8.19"]
[White "Horcicka, Jan"]
[Black "Birkic, Josip"]
[Result "1/2-1/2"]
[WhiteElo "1698"]
[BlackElo "1972"]
[Annotator "NA"]
[PlyCount "74"]
[EventDate "2021.04.06"]
[EventType "swiss"]
[EventCountry "CRO"]
[SourceTitle "playchess.com"]
[Source "ChessBase"]
[SourceQuality "1"]
[TimeControl "5400+30"]

1. e4 {[%emt 0:00:00]} c5 {[%emt 0:05:31]} 2. Nf3 {[%emt 0:00:00]} Nc6 {[%emt 0:00:07]} 3. d4 {[%emt 0:00:00]} cxd4 {[%emt 0:00:09]} 4. Nxd4 {[%emt 0:00:00]} Nf6 {[%emt 0:00:10]} 5. Nc3 {[%emt 0:00:03]} e5 {[%emt 0:00:09]} 6. Ndb5 {[%emt 0:00:49]} d6 {[%emt 0:00:10]} 7. Bg5 {[%emt 0:00:29]} a6 {[%emt 0:00:50]} 8. Na3 {[%emt 0:00:02]} b5 {[%emt 0:00:32]} 9. Nd5 {[%emt 0:00:34]} Be7 {[%emt 0:00:23]} 10. Bxf6 {[%emt 0:00:44]} Bxf6 {[%emt 0:00:23]} 11. c3 {[%emt 0:00:06]} O-O {[%emt 0:03:36]} 12. Nc2 {[%emt 0:00:33]} Bg5 {[%emt 0:00:37]} 13. a4 {[%emt 0:00:26]} Rb8 {[%emt 0:03:43]} 14. axb5 {[%emt 0:03:14]} axb5 {[%emt 0:02:03]} 15. Nce3 {[%emt 0:00:01]} b4 {[%emt 0:02:55]} 16. Bc4 {[%emt 0:01:56]} bxc3 {[%emt 0:16:46]} 17. bxc3 {[%emt 0:00:02]} Bxe3 {[%emt 0:02:18]} 18. Nxe3 {[%emt 0:00:05]} Be6 {[%emt 0:01:29]} 19. O-O {[%emt 0:00:38]} Qc7 {[%emt 0:07:30]} 20. Qe2 {[%emt 0:01:18]} Ne7 {[%emt 0:04:55]} 21. Rfd1 {[%emt 0:01:11]} Rb6 {[%emt 0:06:58]} 22. Bxe6 {[%emt 0:14:34]} fxe6 {[%emt 0:01:15]} 23. Qc4 {[%emt 0:00:03]} Qd7 {[%emt 0:03:30]} 24. Qa2 {[%emt 0:00:14]} Rc6 {[%emt 0:05:53]} 25. h3 {[%emt 0:09:25]} Rfc8 {[%emt 0:10:21]} 26. Rac1 {[%emt 0:02:47]} Ng6 {[%emt 0:06:19]} 27. Rc2 {[%emt 0:04:16]} h6 {[%emt 0:02:22]} 28. Rcd2 {[%emt 0:01:27]} Qf7 {[%emt 0:04:17]} 29. Rxd6 {[%emt 0:01:40]} Rxd6 {[%emt 0:03:25]} 30. Rxd6 {[%emt 0:00:03]} Rxc3 {[%emt 0:01:26]} 31. Qxe6 {[%emt 0:00:42]} Qxe6 {[%emt 0:00:33]} 32. Rxe6 {[%emt 0:00:01]} Kf7 {[%emt 0:00:27]} 33. Ra6 {[%emt 0:00:52]} Ne7 {[%emt 0:01:26]} 34. Ra7 {[%emt 0:00:33]} Rc1+ {[%emt 0:01:22]} 35. Kh2 {[%emt 0:00:01]} Ke6 {[%emt 0:00:23]} 36. Ra6+ {[%emt 0:03:43]} Rc6 {[%emt 0:00:58]} 37. Rxc6+ {[%emt 0:00:18]} Nxc6 {[%emt 0:00:01]} 1/2-1/2

[Event "Croatian junior league 2021"]
[Site "Rabac"]
[Date "2021.04.09"]
[Round "8.20"]
[White "Zekic, Patrik"]
[Black "Kostic, Lovro"]
[Result "1/2-1/2"]
[WhiteElo "1731"]
[BlackElo "1367"]
[Annotator "NA"]
[PlyCount "49"]
[EventDate "2021.04.06"]
[EventType "swiss"]
[EventCountry "CRO"]
[SourceTitle "playchess.com"]
[Source "ChessBase"]
[SourceQuality "1"]
[TimeControl "5400+30"]

1. d4 {[%emt 0:05:25]} g6 {[%emt 0:00:00]} 2. c4 {[%emt 0:00:16]} Bg7 {[%emt 0:00:00]} 3. Nc3 {[%emt 0:00:31]} d6 {[%emt 0:00:02]} 4. e4 {[%emt 0:00:11]} Nd7 {[%emt 0:00:12]} 5. Nf3 {[%emt 0:00:34]} e5 {[%emt 0:00:16]} 6. d5 {[%emt 0:00:20]} Ne7 {[%emt 0:00:19]} 7. Bd3 {[%emt 0:02:04]} h6 {[%emt 0:01:49]} 8. Qc2 {[%emt 0:07:31]} Nc5 {[%emt 0:03:49]} 9. Be3 {[%emt 0:12:46]} Nxd3+ {[%emt 0:01:31]} 10. Qxd3 {[%emt 0:00:02]} f5 {[%emt 0:00:39]} 11. O-O-O {[%emt 0:02:48]} f4 {[%emt 0:02:00]} 12. Bd2 {[%emt 0:00:03]} a5 {[%emt 0:03:59]} 13. h4 {[%emt 0:02:05]} Bd7 {[%emt 0:04:17]} 14. g3 {[%emt 0:03:31]} fxg3 {[%emt 0:08:46]} 15. fxg3 {[%emt 0:03:06]} O-O {[%emt 0:01:52]} 16. Rdf1 {[%emt 0:03:07]} Qe8 {[%emt 0:04:38]} 17. Ne1 {[%emt 0:04:58]} Rb8 {[%emt 0:05:10]} 18. Rxf8+ {[%emt 0:24:03]} Bxf8 {[%emt 0:00:46]} 19. Ng2 {[%emt 0:10:24]} b5 {[%emt 0:07:42]} 20. Ne3 {[%emt 0:05:04]} Kh7 {[%emt 0:07:52]} 21. Qe2 {[%emt 0:01:30]} bxc4 {[%emt 0:03:42]} 22. Qxc4 {[%emt 0:04:11]} c6 {[%emt 0:02:02]} 23. dxc6 {[%emt 0:04:10]} Nxc6 {[%emt 0:00:49]} 24. Ned5 {[%emt 0:01:11]} Bg7 {[%emt 0:04:52]} 25. Rf1 {[%emt 0:00:45]} 1/2-1/2

[Event "Croatian junior league 2021"]
[Site "Rabac"]
[Date "2021.04.09"]
[Round "8.21"]
[White "Colev, Ivor"]
[Black "Kovac, Petar"]
[Result "0-1"]
[WhiteElo "1847"]
[BlackElo "2089"]
[Annotator "NA"]
[PlyCount "64"]
[EventDate "2021.04.06"]
[EventType "swiss"]
[EventCountry "CRO"]
[SourceTitle "playchess.com"]
[Source "ChessBase"]
[SourceQuality "1"]
[TimeControl "5400+30"]

1. e4 {[%emt 0:00:00]} e6 {[%emt 0:00:00]} 2. d4 {[%emt 0:00:00]} d5 {[%emt 0:00:00]} 3. Nd2 {[%emt 0:00:00]} c5 {[%emt 0:00:00]} 4. exd5 {[%emt 0:00:00]} Qxd5 {[%emt 0:00:00]} 5. dxc5 {[%emt 0:00:00]} Qxc5 {[%emt 0:00:03]} 6. Ngf3 {[%emt 0:00:06]} Nf6 {[%emt 0:01:47]} 7. Bd3 {[%emt 0:00:08]} Be7 {[%emt 0:01:05]} 8. Qe2 {[%emt 0:00:11]} Qc7 {[%emt 0:03:07]} 9. O-O {[%emt 0:00:11]} Nbd7 {[%emt 0:02:36]} 10. Ne4 {[%emt 0:05:26]} a6 {[%emt 0:03:49]} 11. Be3 {[%emt 0:09:30]} O-O {[%emt 0:04:13]} 12. c3 {[%emt 0:01:33]} e5 {[%emt 0:10:01]} 13. Bg5 {[%emt 0:05:42]} Re8 {[%emt 0:09:29]} 14. Rfe1 {[%emt 0:04:30]} g6 {[%emt 0:19:49]} 15. Rad1 {[%emt 0:06:44]} Nxe4 {[%emt 0:09:42]} 16. Bxe4 {[%emt 0:00:25]} Bxg5 {[%emt 0:00:53]} 17. Nxg5 {[%emt 0:00:09]} Nf6 {[%emt 0:00:07]} 18. h3 {[%emt 0:07:08]} Kg7 {[%emt 0:02:49]} 19. Bc2 {[%emt 0:17:55]} e4 {[%emt 0:08:12]} 20. Bb3 {[%emt 0:03:25]} Re7 {[%emt 0:01:47]} 21. Rd4 {[%emt 0:07:54]} Bf5 {[%emt 0:02:00]} 22. Rc4 {[%emt 0:10:06]} Qf4 {[%emt 0:02:04]} 23. h4 {[%emt 0:06:50]} Qxh4 {[%emt 0:01:20]} 24. Nf3 {[%emt 0:00:10]} Qh5 {[%emt 0:00:39]} 25. Nd2 {[%emt 0:03:34]} Ng4 {[%emt 0:02:59]} 26. Nf1 {[%emt 0:00:50]} Rae8 {[%emt 0:01:28]} 27. Rd4 {[%emt 0:04:23]} Qh4 {[%emt 0:02:13]} 28. g3 {[%emt 0:02:38]} Qh3 {[%emt 0:01:05]} 29. Bd5 {[%emt 0:01:16]} Nf6 {[%emt 0:01:45]} 30. Qe3 {[%emt 0:00:58]} Bg4 {[%emt 0:01:26]} 31. Rxe4 {[%emt 0:02:34]} Rxe4 {[%emt 0:02:00]} 32. Bxe4 {[%emt 0:00:14]} Rxe4 {[%emt 0:00:05]} 0-1

[Event "Croatian junior league 2021"]
[Site "Rabac"]
[Date "2021.04.09"]
[Round "8.22"]
[White "Stjepic, Borna"]
[Black "Perko, Bartol"]
[Result "1/2-1/2"]
[WhiteElo "1825"]
[BlackElo "1766"]
[Annotator "NA"]
[PlyCount "135"]
[EventDate "2021.04.06"]
[EventType "swiss"]
[EventCountry "CRO"]
[SourceTitle "playchess.com"]
[Source "ChessBase"]
[SourceQuality "1"]
[TimeControl "5400+30"]

1. e4 {[%emt 0:00:00]} d5 {[%emt 0:00:00]} 2. exd5 {[%emt 0:00:00]} Qxd5 {[%emt 0:00:00]} 3. Nc3 {[%emt 0:00:00]} Qd8 {[%emt 0:00:00]} 4. Nf3 {[%emt 0:00:09]} Nf6 {[%emt 0:00:00]} 5. d4 {[%emt 0:00:58]} Bf5 {[%emt 0:00:10]} 6. Bc4 {[%emt 0:01:41]} e6 {[%emt 0:00:12]} 7. O-O {[%emt 0:01:56]} Be7 {[%emt 0:00:10]} 8. Bf4 {[%emt 0:03:09]} c6 {[%emt 0:00:23]} 9. Ne2 {[%emt 0:01:58]} Nbd7 {[%emt 0:01:29]} 10. Ng3 {[%emt 0:01:58]} Bg6 {[%emt 0:00:28]} 11. c3 {[%emt 0:02:46]} O-O {[%emt 0:00:24]} 12. a4 {[%emt 0:02:12]} Nb6 {[%emt 0:02:23]} 13. Be2 {[%emt 0:01:42]} Nbd5 {[%emt 0:00:22]} 14. Bg5 {[%emt 0:02:27]} Qc7 {[%emt 0:04:27]} 15. Ne5 {[%emt 0:03:58]} Rad8 {[%emt 0:05:08]} 16. Qb3 {[%emt 0:05:03]} a5 {[%emt 0:03:46]} 17. Bf3 {[%emt 0:04:04]} Rfe8 {[%emt 0:05:02]} 18. Rfe1 {[%emt 0:03:14]} Nd7 {[%emt 0:06:39]} 19. Bxe7 {[%emt 0:03:57]} Nxe7 {[%emt 0:01:15]} 20. Nc4 {[%emt 0:04:07]} Nd5 {[%emt 0:02:31]} 21. Ne4 {[%emt 0:04:25]} Bxe4 {[%emt 0:04:24]} 22. Bxe4 {[%emt 0:00:02]} N7f6 {[%emt 0:00:24]} 23. Bf3 {[%emt 0:00:54]} g6 {[%emt 0:02:18]} 24. Ne5 {[%emt 0:01:14]} Kg7 {[%emt 0:02:41]} 25. g3 {[%emt 0:01:23]} h5 {[%emt 0:01:45]} 26. h4 {[%emt 0:02:56]} Rh8 {[%emt 0:10:16]} 27. Kg2 {[%emt 0:02:07]} Rde8 {[%emt 0:07:18]} 28. Nd3 {[%emt 0:01:10]} b6 {[%emt 0:02:39]} 29. Qc4 {[%emt 0:02:35]} Rc8 {[%emt 0:01:27]} 30. Ne5 {[%emt 0:01:06]} Rhe8 {[%emt 0:02:12]} 31. Qe2 {[%emt 0:03:29]} Rh8 {[%emt 0:02:20]} 32. Rac1 {[%emt 0:03:27]} Rhe8 {[%emt 0:03:58]} 33. Rc2 {[%emt 0:02:33]} c5 {[%emt 0:02:38]} 34. Rd2 {[%emt 0:00:41]} Rcd8 {[%emt 0:02:01]} 35. Red1 {[%emt 0:00:55]} cxd4 {[%emt 0:02:13]} 36. Rxd4 {[%emt 0:00:17]} Ne7 {[%emt 0:00:28]} 37. Rc4 {[%emt 0:04:36]} Qb8 {[%emt 0:01:26]} 38. Nc6 {[%emt 0:01:01]} Nxc6 {[%emt 0:00:15]} 39. Rxc6 {[%emt 0:00:01]} Rxd1 {[%emt 0:01:14]} 40. Qxd1 {[%emt 0:00:01]} Rd8 {[%emt 0:00:01]} 41. Qb3 {[%emt 0:00:54]} Rd6 {[%emt 0:02:01]} 42. Qb5 {[%emt 0:00:53]} Rxc6 {[%emt 0:02:43]} 43. Bxc6 {[%emt 0:00:08]} Qc7 {[%emt 0:00:49]} 44. b4 {[%emt 0:01:11]} Ng8 {[%emt 0:00:56]} 45. bxa5 {[%emt 0:00:47]} bxa5 {[%emt 0:00:03]} 46. c4 {[%emt 0:00:22]} Ne7 {[%emt 0:00:11]} 47. Be4 {[%emt 0:01:41]} f5 {[%emt 0:02:12]} 48. Bf3 {[%emt 0:01:49]} e5 {[%emt 0:00:39]} 49. Bd5 {[%emt 0:00:01]} f4 {[%emt 0:01:40]} 50. Be4 {[%emt 0:02:07]} fxg3 {[%emt 0:02:30]} 51. fxg3 {[%emt 0:00:11]} Qd6 {[%emt 0:02:49]} 52. Qxa5 {[%emt 0:02:29]} Qd4 {[%emt 0:00:23]} 53. Bd5 {[%emt 0:00:48]} Qe3 {[%emt 0:01:00]} 54. Qc7 {[%emt 0:03:33]} Qe2+ {[%emt 0:02:15]} 55. Kh3 {[%emt 0:00:01]} Qf1+ {[%emt 0:01:12]} 56. Bg2 {[%emt 0:00:02]} Qf5+ {[%emt 0:00:01]} 57. Kh2 {[%emt 0:00:16]} Qe6 {[%emt 0:02:14]} 58. a5 {[%emt 0:00:34]} e4 {[%emt 0:01:59]} 59. Qb6 {[%emt 0:01:22]} Qe5 {[%emt 0:02:45]} 60. Qe3 {[%emt 0:00:01]} Nf5 {[%emt 0:01:06]} 61. Qf4 {[%emt 0:01:27]} Qxa5 {[%emt 0:00:59]} 62. Qxe4 {[%emt 0:00:15]} Qc3 {[%emt 0:00:46]} 63. Qf4 {[%emt 0:00:47]} Ne3 {[%emt 0:01:12]} 64. Qc7+ {[%emt 0:01:48]} Kh6 {[%emt 0:00:31]} 65. Qf4+ {[%emt 0:02:40]} Kg7 {[%emt 0:00:00]} 66. Be4 {[%emt 0:02:13]} Ng4+ {[%emt 0:02:21]} 67. Kh3 {[%emt 0:00:02]} Qxc4 {[%emt 0:00:16]} 68. Bg2 {[%emt 0:00:19]} 1/2-1/2

[Event "Croatian junior league 2021"]
[Site "Rabac"]
[Date "2021.04.09"]
[Round "8.23"]
[White "Poljan, Max"]
[Black "Vukojevic, Toni"]
[Result "1/2-1/2"]
[WhiteElo "1573"]
[BlackElo "1538"]
[Annotator "NA"]
[PlyCount "76"]
[EventDate "2021.04.06"]
[EventType "swiss"]
[EventCountry "CRO"]
[SourceTitle "playchess.com"]
[Source "ChessBase"]
[SourceQuality "1"]
[TimeControl "5400+30"]

1. c4 {[%emt 0:00:00]} e5 {[%emt 0:00:00]} 2. g3 {[%emt 0:00:00]} Nf6 {[%emt 0:00:21]} 3. Bg2 {[%emt 0:00:00]} c6 {[%emt 0:00:14]} 4. Nc3 {[%emt 0:00:42]} d5 {[%emt 0:00:49]} 5. cxd5 {[%emt 0:00:06]} cxd5 {[%emt 0:00:04]} 6. d4 {[%emt 0:00:07]} exd4 7. Qxd4 {[%emt 0:00:07]} Nc6 {[%emt 0:00:43]} 8. Qa4 {[%emt 0:00:38]} Bb4 {[%emt 0:01:32]} 9. a3 {[%emt 0:03:40]} Bxc3+ {[%emt 0:00:11]} 10. bxc3 {[%emt 0:00:00]} Qa5 {[%emt 0:00:30]} 11. Qxa5 {[%emt 0:02:21]} Nxa5 {[%emt 0:00:05]} 12. Bg5 {[%emt 0:00:36]} Be6 {[%emt 0:00:24]} 13. Bxf6 {[%emt 0:03:39]} gxf6 {[%emt 0:00:06]} 14. e3 {[%emt 0:00:42]} Rc8 {[%emt 0:00:22]} 15. Ne2 {[%emt 0:00:14]} Nc4 {[%emt 0:01:23]} 16. O-O {[%emt 0:04:51]} O-O {[%emt 0:01:29]} 17. h3 {[%emt 0:03:57]} Rc5 {[%emt 0:00:19]} 18. Rfd1 {[%emt 0:10:53]} Ra5 {[%emt 0:00:54]} 19. Nf4 {[%emt 0:01:24]} Nb6 {[%emt 0:01:47]} 20. g4 {[%emt 0:22:46]} Rc8 {[%emt 0:02:02]} 21. Rd3 {[%emt 0:01:14]} Rcc5 {[%emt 0:02:17]} 22. e4 {[%emt 0:16:06]} Kg7 {[%emt 0:05:57]} 23. Rad1 {[%emt 0:09:55]} dxe4 {[%emt 0:05:02]} 24. Bxe4 {[%emt 0:01:21]} f5 {[%emt 0:00:11]} 25. Nxe6+ {[%emt 0:03:41]} fxe6 {[%emt 0:00:15]} 26. gxf5 {[%emt 0:01:20]} exf5 {[%emt 0:00:05]} 27. Bxb7 {[%emt 0:00:12]} Rxa3 {[%emt 0:01:01]} 28. Rc1 {[%emt 0:05:32]} Rc7 {[%emt 0:02:20]} 29. Bg2 {[%emt 0:00:00]} Na4 {[%emt 0:02:24]} 30. Rg3+ {[%emt 0:00:00]} Kf6 {[%emt 0:00:16]} 31. c4 {[%emt 0:00:00]} Rxg3 {[%emt 0:00:25]} 32. fxg3 {[%emt 0:00:00]} Nb2 {[%emt 0:00:15]} 33. Rc2 {[%emt 0:00:49]} Nd1 {[%emt 0:01:45]} 34. Rc1 {[%emt 0:01:39]} Ne3 {[%emt 0:00:14]} 35. c5 {[%emt 0:02:21]} Nxg2 {[%emt 0:00:28]} 36. Kxg2 {[%emt 0:00:07]} Ke5 {[%emt 0:00:06]} 37. Ra1 {[%emt 0:01:00]} Kd5 {[%emt 0:00:06]} 38. Ra5 {[%emt 0:00:08]} Ke4 {[%emt 0:05:53]} 1/2-1/2

[Event "Croatian junior league 2021"]
[Site "Rabac"]
[Date "2021.04.10"]
[Round "9.1"]
[White "Jakrlin, Mihael"]
[Black "Karlusic, Luka"]
[Result "1/2-1/2"]
[WhiteElo "2106"]
[BlackElo "2047"]
[Annotator "TA"]
[PlyCount "64"]
[EventDate "2021.04.06"]
[EventType "swiss"]
[EventCountry "CRO"]
[SourceTitle "playchess.com"]
[Source "ChessBase"]
[SourceQuality "1"]

{[%evp 17,64,0,0,0,16,0,16,0,9,-89,-78,-88,-82,-75,-80,-89,-91,-81,-66,-63,-66,-87,-81,-79,-76,-78,-82,-90,-97,-121,-68,-112,-77,-73,-70,-79,-68,-103,-74,-70,-6,-14,-12,-9,0,-9,0,-3,-6]} 1. Nf3 d5 2. g3 Nf6 3. Bg2 e6 4. O-O Be7 5. c4 O-O 6. b3 c5 7. Bb2 Nc6 8. e3 b6 9. Qe2 Bb7 10. d4 {A14: English Opening: 1...e6 with b3 by White.} Rc8 11. Nbd2 dxc4 12. bxc4 Na5 {[#]} 13. Nb3 $146 (13. Rfd1 $11 {keeps the balance.}) ({Predecessor:} 13. Rfd1 Qc7 14. Rac1 Rfd8 15. Nb3 Nxb3 16. axb3 a5 17. Ra1 Ne8 18. h4 Ra8 19. Qc2 {0-1 (63) Kovalenko,I (2587)-Bezgodov,A (2500) Moscow 2012}) 13... cxd4 $17 14. Nxa5 {[#]} d3 $1 15. Qd1 bxa5 16. Ne5 Bxg2 17. Kxg2 Nd7 {aiming for ...Nxe5.} 18. Nxd3 Rxc4 19. Rc1 Rxc1 20. Nxc1 Nb6 21. Qxd8 Rxd8 22. Bd4 f6 23. f4 a4 (23... Nc4 $17 {White must now prevent ...e5.} 24. Nd3 {[#]} Nxe3+ $1 {[%mdl 512]} 25. Bxe3 Rxd3 26. Bxa7 Ra3) 24. Rf2 Rc8 25. Nd3 a3 26. Kf1 Rc7 27. Ke1 Kf7 28. Kd1 Na4 (28... Rd7 $15) 29. Rc2 $11 {The position is equal.} Rb7 30. Kc1 Nb6 31. Rc6 Nd5 32. Ra6 Nb6 {Weighted Error Value: White=0.17/Black=0.14} 1/2-1/2

[Event "Croatian junior league 2021"]
[Site "Rabac"]
[Date "2021.04.10"]
[Round "9.2"]
[White "Mahecic, Lovre"]
[Black "Troselj, Ivan"]
[Result "1/2-1/2"]
[WhiteElo "1958"]
[BlackElo "1962"]
[Annotator "TA"]
[PlyCount "112"]
[EventDate "2021.04.06"]
[EventType "swiss"]
[EventCountry "CRO"]
[SourceTitle "playchess.com"]
[Source "ChessBase"]
[SourceQuality "1"]

{[%evp 10,112,0,-4,22,-28,-12,-19,-23,-28,-7,-14,0,-9,-26,-21,0,-15,-13,-13,0,-6,-7,-3,14,14,10,7,14,-23,0,-25,-6,-14,0,0,0,0,0,-18,74,73,74,100,120,123,129,130,122,59,58,0,75,77,78,0,0,0,12,0,0,0,5,0,60,56,97,91,94,105,121,122,122,122,99,106,410,408,460,456,428,446,445,429,421,410,352,265,388,129,129,129,129,129,129,8,8,8,8,8,8,8,8,8,8]} 1. c4 e6 2. Nc3 d5 3. cxd5 exd5 4. d3 Nf6 5. g3 c6 6. Bg2 Bg4 {A17: English Opening: 1...Nf6 with ...Bb4.} 7. Qb3 Qb6 (7... Na6 {seems wilder.} 8. Nf3 Nc5 9. Qd1 Bd6 10. O-O O-O) 8. Be3 (8. Nf3 {with more complications.} Nbd7 9. O-O Qxb3 10. axb3 Bc5 11. h3) 8... Qxb3 9. axb3 {[#]} a5 $146 ({Predecessor:} 9... a6 10. Nf3 Nbd7 11. O-O Bd6 12. Na4 Ke7 13. Rfc1 Rhe8 14. Kf1 Rac8 15. Nc5 Nxc5 16. Bxc5 Bxc5 17. Rxc5 {0-1 (75) Vrecion,J (1839)-Volodin,V (2158) Prague 2015}) 10. Nf3 Bb4 11. O-O O-O 12. h3 Be6 13. Na4 Nbd7 14. Rfc1 Rfe8 15. Nc5 Nxc5 16. Bxc5 Nd7 17. Bxb4 axb4 18. Nd4 g6 19. Kf1 Kg7 20. Ke1 Kf6 21. Kd2 Ke5 22. Nc2 Kd6 23. d4 $1 c5 24. e3 b5 (24... b6 $11) 25. Bf1 h5 26. h4 c4 27. Nxb4 Nb6 28. bxc4 bxc4 29. Nc2 (29. b3 $16) 29... Na4 30. Ra2 ({Better is} 30. Ra3 $1 $14) 30... Reb8 (30... Nc3 $1 $11 {keeps the balance.} 31. Rxa8 Ne4+ {[%mdl 64] Double Attack} 32. Ke1 Rxa8) 31. Rca1 $16 Rxb2 {[#]} 32. Kc1 ({Don't play} 32. Rxa4 Rxa4 33. Rxa4 Bf5 $11) ({White should play} 32. Bxc4 $1 $16 {Hoping for Rxb2.} dxc4 33. Rxa4) 32... Rxa2 $11 33. Rxa2 Nb6 34. Rxa8 Nxa8 {[%mdl 4096] Endgame KBN-KBN} 35. Kd2 Nb6 36. f3 Na4 ({Black should try} 36... Kc6 $11) 37. e4 $14 f6 38. Ne3 Nb6 39. Kc3 g5 40. exd5 Bxd5 {[#]} 41. f4 {[%cal Rf4g5]} gxf4 42. gxf4 Ke6 $2 {[%mdl 8192] [#]} (42... Na4+ $16 43. Kd2 Nb6) 43. Be2 $1 $18 Na4+ 44. Kb4 Nb2 {intending ...Nd3+.} 45. f5+ Kd6 46. Bxh5 Nd3+ 47. Kc3 Nf4 48. Bg4 Bf7 (48... Ke7 $142 49. Kb4 (49. Nxc4 Ng2 $18) 49... Nd3+ 50. Kb5 Nf4) 49. Nxc4+ $2 (49. Bf3 $18) 49... Bxc4 $16 50. Kxc4 $18 {KB-KN} Ng2 51. Bf3 Ne3+ 52. Kd3 (52. Kb4 $16) 52... Nxf5 $11 {The position is equal.} 53. h5 {Threatens to win with Ke4.} Nxd4 $1 54. Kxd4 {Threatening mate with h6.} Ke6 55. h6 {h7 would kill now.} Kf7 56. Bd5+ Kg6 {Weighted Error Value: White=0.19/Black=0.30} 1/2-1/2